LEADER 00812nam a2200205 i 4500 001 000000170166 003 CaOOAMICUS 005 20080312000000.0 008 080312n it u000 u ita u 013 $a147573 040 $aSeMil$bita 245 13$aIl libro dei santi /$ccon prefazione di S. Em. il Card. Pietro Maffi. 250 $a2. edizione. 300 $aXVI, 156 p. 700 1 $aMaffi, Pietro$b.$0(OLS)http://semarc/name/6709 700 1 $aBarbieri, Clemente.$0(OLS)http://semarc/name/8618 773 0 $aBarbieri, Clemente$tTrilogia sacra.$dMilano : Tip. Santa Lega Eucaristica, 1911.$g3$w()19298 850 $aSeMil 852 $aSeMil$W1$xVenegono$y1$m1S II 34$j121062$B121062$CSeMilBibl$Z2$F132365 $81 996 $6245$aIl libro dei santi$9(OLS)http://semarc/title/106844 LEADER 01070nam a2200229 i 4500 001 000000087907 003 CaOOAMICUS 005 20180830150026.0 008 180830s1935 xx u000 u und u 013 $a60147 040 $aSeMil$bita 245 10$aDocumenta Concilii Florentini de unione orientalium. II.De unione Arme norum (22 Novembris 1439) 260 $aLuogo non identificato :$bUniversità Gregoriana,$c1935. 300 $a57 p. 650 4$aConcilio di Firenze <1438-1439>.$0(OLS)http://semarc/subject/4306 650 4$aTeologia.$0(OLS)http://semarc/subject/27 650 4$aEcumenismo.$0(OLS)http://semarc/subject/3071 700 1 $aHofmann, Georg,$c.$0(OLS)http://semarc/name/604 850 $aSeMil 852 $aSeMil$W1$xVenegono$y1$m114 12 19 *$j51316$B51316$CSeMilBibl$Z2$F55506 $81 996 $6245$aDocumenta Concilii Florentini de unione orientalium. II.De unione Arme norum (22 Novembris 1439)$9(OLS)http://semarc/title/133900 996 $6260$aLuogo non identificato :$bUniversità Gregoriana$9(OLS)http://semarc/publisher/43504